000 00645nam a2200193 i 4500
001 37781
003 ES-MaACL
005 20251003063052.0
007 t|
008 030221s1969 sp ||||1| spa d
100 1 _aCadenas y Vicent, Francisco,
_cConde de Gaviria
_933390
245 1 0 _aEscudos heráldicos en San Marcos de León /
_cFrancisco Cadenas y Vicent.
260 _aMadrid :
_bRevista Hidalguía,
_c1969.
300 _a94 p. :
_bil. ;
_c24 cm.
500 _aPrecede al tít.: Instituto Salazar y Castro.
710 2 _aInstituto Salazar y Castro.
_95230
852 _aES-MaACL
_jC-37085
_bR.69323
999 _c37781
_d37781